000 00335nam a22001457a 4500
003 MPLRDC
005 20220104114447.0
008 210129b ||||| |||| 00| 0 eng d
082 _a947.411 QTZH v.2
100 _a前田真宏
245 _a叮噹小恐龙. 下
_c
300 _b
650 _a漫画
942 _cBK
_o947.411 QTZH v.2
999 _c7651
_d7641